000
00252nam a2200097Ia 4500
008
170627s9999 xx 000 0 und d
100
_a
LYNTON-ROLF P. AND PAREEK UDAI
245
0
_a
TRAINING FOR ORGANIZATIONAL TRASNSFORMATION
260
_b
SAGE
260
_c
2006
546
_a
ENGLISH
999
_c
35678
_d
35678